00618 2200205 4500001002100000005001700021008004100038035002400079082001100103090002300114100003000137245009300167250001100260260003500271300001800306650003400324850001200358999002100370999002100391YOGYA-0209000004186220090227025820.0 ind  0010-020900000041862 a342.02 a342.02bYog PlYOG aYOGYAKARTA. Peraturan dsb aPeraturan daerah Prop. DIY tentang pola dasar pembangunan daerah Prop. DIY /cYogyakarta aCet. 1 aYogyakartabPropinsi DIYc1993 avi, 86c21 cm aYogyakarta - Peraturan daerah aYOPDYOG a22678-PD/A.07b1 a22679-PD/A.07b1